000 00185 a2200097 4500
020 _a9788421677896
041 _aspa
100 _aAnonimo
245 _aLos Libros de Snoopy
942 _cBK
999 _c15882
_d15882